| 000 | 00424 a2200157 4500 | ||
|---|---|---|---|
| 005 | 20250617062411.0 | ||
| 020 | _a978-81-203-5260-5 | ||
| 082 | _a247 CHI | ||
| 100 | _aCHITALE, K. A | ||
| 245 | _aProduct Policy and Brand Management: Text and Cases | ||
| 250 | _a3rd Ed. | ||
| 260 |
_aDelhi _bPHI Learning Private Limited _c2016 |
||
| 300 |
_axvi,308p.:ill.;figures _bIndex _c24cm |
||
| 700 | _aRavi Gupta | ||
| 942 |
_2ddc _cBKS |
||
| 999 |
_c4179 _d4179 |
||